Možnosti územnej samosprávy v rozvoji regiónov a miest
Slovensko vstúpilo do EÚ s výraznými regionálnymi disparitami. K nim sa radia aj disparity v konkurencieschopnosti regiónov. Tento stav sa ešte prehlbuje. Riešením z uvedeného stavu je aj zvyšovanie absorpčnej schopnosti regiónu stimulovaním podnikateľského prostredia, využívanie a vitalizácia exist...
Salvato in:
| Autore principale: | |
|---|---|
| Natura: | Capitolo di libro |
| Lingua: | slovacco |
| Soggetti: | |
| Tags: |
Nessun Tag, puoi essere il primo ad aggiungerne!!
|
MARC
| LEADER | 00000naa$a2200000$$$4500 | ||
|---|---|---|---|
| 001 | 0053996 | ||
| 005 | 20240502071627.1 | ||
| 041 | 0 | |a slo | |
| 044 | |a SK | ||
| 245 | 1 | 0 | |a Možnosti územnej samosprávy v rozvoji regiónov a miest |c Elena Žárska |
| 520 | |a Slovensko vstúpilo do EÚ s výraznými regionálnymi disparitami. K nim sa radia aj disparity v konkurencieschopnosti regiónov. Tento stav sa ešte prehlbuje. Riešením z uvedeného stavu je aj zvyšovanie absorpčnej schopnosti regiónu stimulovaním podnikateľského prostredia, využívanie a vitalizácia existujúceho potenciálu regiónu. Nezastupiteľnú úlohu v tomto procese má aj územná samospráva, ktorej význam v rozvoji územia vzrástol decentraliozáciou verejnej správy. | ||
| 610 | 2 | 0 | |a regióny |
| 610 | 2 | 0 | |a konkurencieschopnosť |
| 610 | 2 | 0 | |a disparita |
| 610 | 2 | 0 | |a rozvoj regionálny |
| 610 | 2 | 0 | |a samospráva miestna |
| 610 | 2 | 0 | |a samospráva regionálna |
| 610 | 2 | 0 | |a správa verejná |
| 610 | 2 | 0 | |a decentralizácia |
| 100 | 1 | |a Žárska, Elena, 1955- | |